Mega French Verbs Conjugation Quiz - Statistics

General Stats
  • This quiz has been taken 140 times
  • The average score is 86 of 157
Answer Stats
Pronoun Ending % Correct
a
97%
ai
91%
tu es
91%
as
89%
avez
89%
Je suis
89%
a été
88%
avons
88%
il/elle est
86%
allez
85%
allons
85%
ont
85%
nous sommes
85%
ils/elles sont
85%
va
85%
vais
85%
vas
82%
vous êtes
80%
a fait
78%
fais
78%
fait
78%
vont
78%
voulez
72%
pouvez
71%
pouvons
71%
venez
71%
voulons
71%
étais
69%
était
69%
faisons
69%
peut
69%
peux
69%
venons
69%
veut
69%
veux
69%
ai été
65%
as été
65%
avons été
65%
viens
65%
avez été
63%
vient
63%
ont été
62%
avais
60%
avait
60%
étaient
60%
étiez
60%
étions
60%
font
60%
a eu
57%
ai eu
57%
as eu
57%
avez eu
57%
avons eu
57%
peuvent
57%
suis allé(e)
57%
a pu
55%
avions
55%
es allé(e)
55%
est allé(e)
55%
ont eu
55%
veulent
55%
ai fait
54%
as fait
54%
avez fait
54%
aviez
54%
avons fait
54%
faites
54%
ont fait
54%
sera
54%
serai
54%
viennent
54%
avaient
52%
êtes allé(e)s
52%
seras
52%
serez
52%
serons
52%
sommes allé(e)s
52%
allais
51%
allait
49%
sont allé(e)s
49%
voulais
49%
voulait
49%
voulions
49%
ai pu
48%
allaient
48%
alliez
48%
allions
48%
as pu
48%
avez pu
48%
avons pu
48%
ont pu
48%
pouvais
48%
pouvait
48%
venais
48%
vouliez
48%
aura
46%
aurai
46%
est venu(e)
46%
es venu(e)
46%
faisais
46%
faisait
46%
pouviez
46%
pouvions
46%
suis venu(e)
46%
venait
46%
voulaient
46%
êtes venu(e)s
45%
faisaient
45%
faisiez
45%
faisions
45%
fera
45%
ferai
45%
ferez
45%
ferons
45%
seront
45%
sommes venu(e)s
45%
sont venu(e)s
45%
venaient
45%
veniez
45%
venions
45%
ai voulu
43%
as voulu
43%
auras
43%
aurez
43%
aurons
43%
avez voulu
43%
avons voulu
43%
a voulu
43%
feras
43%
ont voulu
43%
pouvaient
43%
voudra
43%
voudrai
43%
auront
42%
feront
42%
ira
42%
voudras
42%
voudrez
42%
irai
40%
voudrons
40%
pourra
38%
pourrai
38%
pourras
38%
pourrez
38%
pourrons
38%
iras
37%
irez
37%
irons
37%
pourront
37%
voudront
37%
iront
35%
viendra
34%
viendrai
34%
viendras
34%
viendrez
34%
viendrons
34%
viendront
34%
No matching quizzes found
Score Distribution
Percent of People with Each Score
Percentile by Number Answered
Your Score History
You have not taken this quiz